Posúdenie dávok estrogénu podávaného v prípravkoch orálnej hormonálnej antikoncepcie

Bibliographic Details
Main Author: Kaunitz, A.M (Author)
Format: Article
Language:Slovak
ISSN:1335-0862
Subjects:

MARC

LEADER 00000nab a2200000 a 4500
001 vtls000733134
003 SK-MaSNL
005 20260304114150.0
008 250429c1999 xo 0 slo
015 |a SNBRB2000/10-21629 
035 |a CLN000085242 
035 |a urn:nbn:sk:snk-ab6w81 
035 |a (uuid)213e3b99-9815-4dbc-9361-18130eed61ed 
035 |a (urnnbn)urn:nbn:sk:snk:ar-a0628r 
035 |a (sysno)vtls000733134 
040 |a SNKBUCL  |b slo  |c SNKBUCL  |e AACR2 
041 0 |a slo 
044 |a xo  |c SK 
080 |a 615.256  |2 1997 
080 |a 615.35  |2 1997 
100 1 |a Kaunitz, A.M.  |4 aut  |9 1418554 
245 1 0 |a Posúdenie dávok estrogénu podávaného v prípravkoch orálnej hormonálnej antikoncepcie  |c A.M. Kaunitz 
246 1 1 |a Oral contraceptive estrogen dose consideration 
500 |a Článok bol publikovaný v Contraception, 58, 1998, s. 15-21 
504 |a Res. slov. 
504 |a Bibliogr. odkazy 
650 0 7 |a hormonálna antikoncepcia  |2 snkbucl  |9 2484 
650 0 7 |a estrogén  |2 snkbucl  |9 1094083 
655 7 |a články z novín a časopisov  |2 snkbucl  |9 267496 
773 0 |t Slovenská gynekológia a pôrodníctvo  |g Roč. 6, č. 3 (1999), s. 113-118  |x 1335-0862 
850 |a Slovenská národná knižnica 
852 |a Slovenská národná knižnica 
954 |a odborná, vedecká literatúra pôvodná (slovenská)  |2 lita 
958 |a article27 
958 |a MI 
958 |a NB 
958 |a OND 
958 |a EUIPO 
999 |c 2872001  |d 2873931